Comunicado acerca de los resultados preliminares del Censo Nacional de Población y Viviendas de 1981

Saved in:
Bibliographic Details
Format: Book
Language:Spanish
Published: Habana Comité estatal de estadística 1981
Tags: Add Tag
No Tags, Be the first to tag this record!

MARC

LEADER 00000nam a2200000 4500
001 c130568
005 20041019155249.8
041 0 |a spa 
044 |a CU 
245 1 0 |a Comunicado acerca de los resultados preliminares del Censo Nacional de Población y Viviendas de 1981 
264 1 |a Habana  |b Comité estatal de estadística  |c 1981 
300 |a 39 s.  |e príl.